<?xml version="1.0" encoding="UTF-8"?>
<record
    xmlns:xsi="http://www.w3.org/2001/XMLSchema-instance"
    xsi:schemaLocation="http://www.loc.gov/MARC21/slim http://www.loc.gov/standards/marcxml/schema/MARC21slim.xsd"
    xmlns="http://www.loc.gov/MARC21/slim">

  <leader>02913nam a2200325 a 4500</leader>
  <controlfield tag="003">OSt</controlfield>
  <controlfield tag="005">20250807094241.0</controlfield>
  <controlfield tag="007">cr ||||||a|a|a</controlfield>
  <controlfield tag="008">250623s2025    mx a|||fom||| 001 0 spa d</controlfield>
  <datafield tag="040" ind1=" " ind2=" ">
    <subfield code="e">rda</subfield>
  </datafield>
  <datafield tag="100" ind1="1" ind2=" ">
    <subfield code="a">Duran Ayala, Moises</subfield>
    <subfield code="9">190497</subfield>
  </datafield>
  <datafield tag="245" ind1="1" ind2="0">
    <subfield code="a">Captura de carbono a&#xE9;reo en rodales con manejo y sin manejo forestal, en el Bosque templado de Coatepec, Ixtapaluca,Edo. de M&#xE9;xico/</subfield>
    <subfield code="c">por Moises Duran Ayala; director de tesis Yolanda Franco Islas; secretario Mar&#xED;a Guadalupe Vargas Cabrera; vocal Jos&#xE9; A. Gil Vera Castillo; suplente Sa&#xFA;l Casta&#xF1;eda D&#xED;az; suplente Ro Linx Granados Victorino.</subfield>
  </datafield>
  <datafield tag="264" ind1=" " ind2="1">
    <subfield code="a">Chapingo, M&#xE9;xico :</subfield>
    <subfield code="b">El autor,</subfield>
    <subfield code="c">2024.</subfield>
  </datafield>
  <datafield tag="300" ind1=" " ind2=" ">
    <subfield code="a">1 recurso en l&#xED;nea (80 p&#xE1;ginas):</subfield>
    <subfield code="b">cuadros, figuras.</subfield>
  </datafield>
  <datafield tag="336" ind1=" " ind2=" ">
    <subfield code="2">rdacontent</subfield>
    <subfield code="a">texto</subfield>
    <subfield code="b">txt</subfield>
  </datafield>
  <datafield tag="337" ind1=" " ind2=" ">
    <subfield code="2">rdamedia</subfield>
    <subfield code="a">computadora</subfield>
    <subfield code="b">c</subfield>
  </datafield>
  <datafield tag="338" ind1=" " ind2=" ">
    <subfield code="2">rdacarrier</subfield>
    <subfield code="a">recurso en l&#xED;nea</subfield>
    <subfield code="b">cr</subfield>
  </datafield>
  <datafield tag="502" ind1=" " ind2=" ">
    <subfield code="b">IF</subfield>
    <subfield code="c">DICIFO</subfield>
    <subfield code="d">2024.</subfield>
    <subfield code="g">LIC</subfield>
  </datafield>
  <datafield tag="504" ind1=" " ind2=" ">
    <subfield code="a">Incluye referencias bibliogr&#xE1;ficas: p&#xE1;ginas 50-59.</subfield>
  </datafield>
  <datafield tag="520" ind1=" " ind2=" ">
    <subfield code="a">El di&#xF3;xido de carbono, compuesto gaseoso, disponible para las plantas, es un elemento indispensable para el proceso de la fotos&#xED;ntesis. El objetivo de esta investigaci&#xF3;n fue evaluar la captura de CO2 a&#xE9;reo en rodales con manejo y sin manejo forestal en un bosque templado de la comunidad de Coatepec, Ixtapaluca, Estado de M&#xE9;xico. Se establecieron 6 sitios de muestreo por rodal de manejo, con un &#xE1;rea de 19.2 ha, con tratamiento Bosque Sin Manejo Forestal (SMF) y M&#xE9;todo Mexicano de Ordenaci&#xF3;n de Bosques Irregulares (MMOBI). Se estim&#xF3; la diferencia de medias de Tukey con un &#x3B1;= 0.05 y un an&#xE1;lisis de componentes principales para la determinar las variables que se correlacionan con el promedio de CO2 a&#xE9;reo capturado. Obteni&#xE9;ndose los siguientes resultados, en el tratamiento SMF 3.64 Tn/ha promedio, en el MMOBI 1.07 Tn/ha promedio. Teniendo al g&#xE9;nero Pinus L. con mayor CO2 a&#xE9;reo capturado, con 65.21 Tn/ha (MMOBI) y 52.94 Tn/ha (SMF). Las variables; pendiente y pedregosidad se correlacionan en el tratamiento SMF y la exposici&#xF3;n con el tratamiento (MMOBI). Se concluye que el tratamiento SMF tiene mayor concentraci&#xF3;n de CO2 a&#xE9;reo, sin embargo, en un tratamiento MMOBI se espera tener un potencial de CO2 por sus tratamientos silv&#xED;colas. As&#xED; como las variables ambientales influyen en la captura de carbono a&#xE9;reo.</subfield>
  </datafield>
  <datafield tag="650" ind1=" " ind2="4">
    <subfield code="a">&#xC1;rboles</subfield>
    <subfield code="x">Secuestro de carbono</subfield>
    <subfield code="9">190761</subfield>
  </datafield>
  <datafield tag="650" ind1=" " ind2="4">
    <subfield code="a">Dioxido de carbono</subfield>
    <subfield code="x">Medici&#xF3;n</subfield>
    <subfield code="9">190762</subfield>
  </datafield>
  <datafield tag="700" ind1="1" ind2=" ">
    <subfield code="a">Franco Islas, Yolanda</subfield>
    <subfield code="e">director de tesis.</subfield>
    <subfield code="9">42965</subfield>
  </datafield>
  <datafield tag="700" ind1="1" ind2=" ">
    <subfield code="a">Vargas Cabrera, Mar&#xED;a Guadalupe</subfield>
    <subfield code="9">185890</subfield>
    <subfield code="e">secretario.</subfield>
  </datafield>
  <datafield tag="700" ind1="0" ind2=" ">
    <subfield code="a">Vera Castillo, Jos&#xE9; Amando Gil</subfield>
    <subfield code="e">vocal.</subfield>
    <subfield code="9">118764</subfield>
  </datafield>
  <datafield tag="700" ind1="1" ind2=" ">
    <subfield code="a">Casta&#xF1;eda D&#xED;az, Sa&#xFA;l</subfield>
    <subfield code="9">19903</subfield>
    <subfield code="e">suplente.</subfield>
  </datafield>
  <datafield tag="700" ind1="1" ind2=" ">
    <subfield code="a">Granados Victorino, Ro Linx</subfield>
    <subfield code="e">suplente.</subfield>
    <subfield code="9">189617</subfield>
  </datafield>
  <datafield tag="856" ind1=" " ind2=" ">
    <subfield code="u">http://10.13.5.2/tesis/tl/1710643-3_DURAN_AYALA_MOISES.pdf</subfield>
    <subfield code="z">DESCARGAR PDF</subfield>
  </datafield>
  <datafield tag="942" ind1=" " ind2=" ">
    <subfield code="2">Clasificaci&#xF3;n Universidad Aut&#xF3;noma Chapingo</subfield>
    <subfield code="c">TD</subfield>
  </datafield>
  <datafield tag="999" ind1=" " ind2=" ">
    <subfield code="c">220661</subfield>
    <subfield code="d">220661</subfield>
  </datafield>
  <datafield tag="952" ind1=" " ind2=" ">
    <subfield code="0">0</subfield>
    <subfield code="1">0</subfield>
    <subfield code="2">local</subfield>
    <subfield code="4">0</subfield>
    <subfield code="5">1</subfield>
    <subfield code="7">0</subfield>
    <subfield code="8">TesDigL</subfield>
    <subfield code="a">BD</subfield>
    <subfield code="b">BD</subfield>
    <subfield code="c">E_L</subfield>
    <subfield code="d">2025-06-23</subfield>
    <subfield code="l">0</subfield>
    <subfield code="o">Tesis digital</subfield>
    <subfield code="r">2025-06-23 10:50:09</subfield>
    <subfield code="w">2025-06-23</subfield>
    <subfield code="y">TD</subfield>
  </datafield>
</record>
